| 000 | 02112nam a2200385 4500 | ||
|---|---|---|---|
| 003 | EC-UNACH | ||
| 005 | 20250512165432.0 | ||
| 006 | s||||gr|||| 00| 00 | ||
| 008 | 150116t9999 mx r gr 000 0 spa d | ||
| 020 | _a10121498 | ||
| 040 |
_aEC-UNACH _cEC-UNACH |
||
| 041 | _aspa | ||
| 082 | 0 | 4 |
_223 _a300 _bL017731 |
| 110 | _aCentro Andino de Acción Popular (CAAP) | ||
| 245 | _aEcuador Debate N°77. Pensamiento Crítico | ||
| 250 | _aPrimera edición | ||
| 264 |
_aQuito - Ecuador _bCAAP _c2009 |
||
| 300 |
_a230 páginas _bcuadros, tablas _c14,5 X 21 cm |
||
| 505 | _aCOYUNTURA.- Diálogo sobre la coyuntura: Tensiones y conflictos en la gestión gubernamental. Conflictividad socio-política: Marzo - Junio 2009.-- TEMA CENTRAL.- El pensamiento crítico contra el poder de los discursos. Desvanecimiento y (re) construcción del pensamiento crítico. Sobre la reconstitución del pensamiento crítico. La crisis como método en René Zavaleta Mercado. Ciudadanía y biopoder (las sugerencias de Andrés Guerrero). Agustín Cueva y la historicidad perdida. -- DEBATE AGRARIO-RURAL.- Los agrocarburantes o la agroenergía. Diversidad de las estrategias campesinas en la provincia del Azuay: un punto de vista geográfico. -- ANÁLISIS.- Los indígenas y la Revolución Ciudadana. Rupturas y alianzas en Cotacachi y Otavalo. -- RESEÑAS.- Desarrollo rural y neoliberalismo. Ecuador desde una perspectiva comparativa. La revolución política durante la época de la Independencia. El reino de Quito 1808-1822. El cine de la marginalidad. Realismo sucio y violencia urbana. | ||
| 650 | _aDEL PENSAMIENTO CRÍTICO | ||
| 650 | _aAGROCARBURANTES | ||
| 650 | _aAGRARIO-RURAL | ||
| 650 | _aESTRATEGIAS CAMPESINAS | ||
| 650 | _aAZUAY | ||
| 650 | _aCIUDADANÍA Y BIOPODER | ||
| 700 | _aSánchez Parga, José | ||
| 700 | _aMoreano, Alejandro | ||
| 700 | _aAntezana, Luis | ||
| 700 | _aRojas Reyes, Carlos | ||
| 942 |
_2ddc _c1 |
||
| 999 | _c13509 | ||